[Event "Madrid ch 2014 Final"]
[Site "Madrid ESP"]
[Date "2014.05.26"]
[Round "1.11"]
[White "Dierssen Garcia-Barredo, Guillermo"]
[Black "Almagro Llamas, Pablo"]
[Result "1/2-1/2"]
[WhiteElo "2031"]
[BlackElo "2500"]
[PlyCount "60"]
[EventDate "2014.05.26"]
[EventType "k.o."]
[EventRounds "4"]
[EventCountry "ESP"]
[Source "lmi"]
[SourceDate "2014.05.26"]

1. d4 Nf6 2. c4 e6 3. Nc3 Bb4 4. f3 O-O 5. a3 Bxc3+ 6. bxc3 Ne8 7. e4 b6 8. Bd3
Ba6 9. a4 Nc6 10. Ba3 d6 11. f4 Na5 12. Qe2 c5 13. Nf3 Qd7 14. O-O f5 15. dxc5
dxc5 16. Ne5 Qc7 17. g4 Nd6 18. gxf5 exf5 19. exf5 Rae8 20. Rad1 Bxc4 21. Bxc4+
Ndxc4 22. Qa2 Rxe5 23. fxe5 Qxe5 24. Bc1 Rxf5 25. Qg2 Rxf1+ 26. Rxf1 h5 27. Qg6
Nb3 28. Qf7+ Kh7 29. Bf4 Qxc3 30. Qxh5+ Kg8 1/2-1/2

[Event "Madrid ch 2014 Final"]
[Site "Madrid ESP"]
[Date "2014.05.26"]
[Round "1.12"]
[White "Gonzalez Rivera, Eduardo"]
[Black "Moreno Ruiz, Javier"]
[Result "0-1"]
[WhiteElo "2105"]
[BlackElo "2486"]
[PlyCount "26"]
[EventDate "2014.05.26"]
[EventType "k.o."]
[EventRounds "4"]
[EventCountry "ESP"]
[Source "lmi"]
[SourceDate "2014.05.26"]

1. e4 d6 2. d4 Nf6 3. Nc3 e5 4. dxe5 dxe5 5. Qxd8+ Kxd8 6. Bg5 Be6 7. O-O-O+
Nbd7 8. Bb5 Kc8 9. f3 c6 10. Bf1 Bc5 11. g3 Ne8 12. Bh3 Nc7 13. Na4 Bxg1 0-1

[Event "Madrid ch 2014 Final"]
[Site "Madrid ESP"]
[Date "2014.05.26"]
[Round "1.13"]
[White "Unciti Juan, Javier"]
[Black "Rubio Mejia, Luis Ignacio"]
[Result "0-1"]
[WhiteElo "2110"]
[BlackElo "2454"]
[PlyCount "88"]
[EventDate "2014.05.26"]
[EventType "k.o."]
[EventRounds "4"]
[EventCountry "ESP"]
[Source "lmi"]
[SourceDate "2014.05.26"]

1. e4 c5 2. Nf3 e6 3. d4 cxd4 4. Nxd4 Nc6 5. Be3 Qc7 6. f4 a6 7. Nc3 b5 8. Nb3
Nf6 9. Bd3 h5 10. Qf3 d6 11. O-O-O Bb7 12. h3 h4 13. Kb1 Rc8 14. Qf2 Nb4 15.
Bb6 Qb8 16. Rhe1 Nxd3 17. cxd3 b4 18. Ne2 Bc6 19. Ng1 Be7 20. Nf3 Nh5 21. Be3
Ng3 22. Bd4 Kf8 23. Rc1 Rh5 24. e5 Bb5 25. Qd2 Rd8 26. exd6 Bxd6 27. Ne5 Kg8
28. Ka1 f6 29. Nc6 Bxf4 30. Qc2 Bxc6 31. Qxc6 Bxc1 32. Qxe6+ Kh7 33. Rxc1 Qd6
34. Qf7 Qd7 35. Qc4 a5 36. Bb6 Ra8 37. Bc5 Qd5 38. Qc2 a4 39. d4+ Kh8 40. Nd2
b3 41. Qd3 bxa2 42. Nf3 Rc8 43. Qa6 Qc6 44. Qd3 Ne4 0-1

[Event "Madrid ch 2014 Final"]
[Site "Madrid ESP"]
[Date "2014.05.26"]
[Round "1.15"]
[White "Gutierrez Lopez, Carlos"]
[Black "Candela Perez, Jose"]
[Result "0-1"]
[WhiteElo "2147"]
[BlackElo "2437"]
[PlyCount "72"]
[EventDate "2014.05.26"]
[EventType "k.o."]
[EventRounds "4"]
[EventCountry "ESP"]
[Source "lmi"]
[SourceDate "2014.05.26"]

1. e4 c5 2. c3 Nf6 3. e5 Nd5 4. d4 cxd4 5. Nf3 e6 6. cxd4 d6 7. a3 Nc6 8. Bd3
Qc7 9. O-O Be7 10. Re1 b6 11. Qe2 dxe5 12. dxe5 Bb7 13. Bd2 Rd8 14. Nc3 Nxc3
15. Bxc3 O-O 16. Rad1 Rfe8 17. Qe4 g6 18. Qf4 Rd7 19. Bc4 Red8 20. Rxd7 Rxd7
21. h4 Nd4 22. Nd2 Nf5 23. h5 gxh5 24. Ne4 Bxe4 25. Qxe4 Qd8 26. Be2 h4 27. Bg4
Ng7 28. Re3 Bc5 29. Rh3 Qg5 30. Qe2 Qc1+ 31. Kh2 Qf4+ 32. g3 hxg3+ 33. fxg3 Qe3
34. Qg2 Qf2 35. Rh4 Qxg2+ 36. Kxg2 Bd4 0-1

[Event "Madrid ch 2014 Final"]
[Site "Madrid ESP"]
[Date "2014.05.26"]
[Round "1.16"]
[White "Barraza Caracuel, Ignacio"]
[Black "Taboas Rodriguez, Daniel"]
[Result "0-1"]
[WhiteElo "2235"]
[BlackElo "2397"]
[PlyCount "140"]
[EventDate "2014.05.26"]
[EventType "k.o."]
[EventRounds "4"]
[EventCountry "ESP"]
[Source "lmi"]
[SourceDate "2014.05.26"]

1. d4 Nf6 2. c4 g6 3. Nf3 Bg7 4. Nc3 O-O 5. Bg5 b6 6. e4 Bb7 7. Bd3 d6 8. Qd2
Nbd7 9. O-O-O e5 10. d5 Nc5 11. Bc2 a5 12. a4 Bc8 13. h3 Qe8 14. g4 Bd7 15. b3
Kh8 16. Nh4 Ng8 17. f3 f6 18. Be3 Qe7 19. Qe1 Rf7 20. Rg1 Qf8 21. Rd2 Bh6 22.
Bxh6 Qxh6 23. Kb2 Ne7 24. Rdg2 Raf8 25. Nb5 Bxb5 26. cxb5 Qf4 27. Re2 Qh6 28.
Qg3 Nd7 29. Reg2 Qe3 30. Qe1 Qxe1 31. Rxe1 Rg7 32. Bb1 Rfg8 33. Rd2 h5 34. Ng2
Rh7 35. Ne3 Kg7 36. Rf2 Rgh8 37. Rg1 hxg4 38. hxg4 Rh2 39. Rxh2 Rxh2+ 40. Rg2
Rh3 41. Rf2 Nc5 42. Bc2 Kh6 43. Kc3 Kg5 44. b4 axb4+ 45. Kxb4 Kf4 46. Nc4 Rh1
47. a5 bxa5+ 48. Kxa5 Ra1+ 49. Kb4 Kg3 50. Re2 Nc8 51. Re3 Kf2 52. Rc3 Nb6 53.
Nb2 Nbd7 54. Nd3+ Nxd3+ 55. Bxd3 Nc5 56. Bc2 Ke2 57. b6 cxb6 58. Kb5 Kd2 59.
Rc4 Ke3 60. Kc6 b5 61. Kxb5 Kxf3 62. Kc6 Ra6+ 63. Kc7 Kxg4 64. Rxc5 dxc5 65. d6
g5 66. Bb3 Kf3 67. Bd5 Rxd6 68. Kxd6 g4 69. Be6 g3 70. Bh3 g2 0-1

[Event "Madrid ch 2014 Final"]
[Site "Madrid ESP"]
[Date "2014.05.26"]
[Round "1.17"]
[White "Madina Yadarola, Martin"]
[Black "Martin Rueda, Daniel"]
[Result "1-0"]
[WhiteElo "2300"]
[BlackElo "2342"]
[PlyCount "109"]
[EventDate "2014.05.26"]
[EventType "k.o."]
[EventRounds "4"]
[EventCountry "ESP"]
[Source "lmi"]
[SourceDate "2014.05.26"]

1. Nf3 d5 2. c4 c6 3. g3 Nf6 4. Bg2 dxc4 5. Qc2 Nbd7 6. Na3 b5 7. b3 Bb7 8.
bxc4 b4 9. Nb1 c5 10. O-O Qc7 11. d3 g6 12. Bf4 Qb6 13. Nbd2 Bg7 14. Rab1 O-O
15. Ne5 Bxg2 16. Nxd7 Nxd7 17. Kxg2 e5 18. Be3 Qc6+ 19. Kg1 f5 20. f3 a5 21.
Rfd1 Rfe8 22. Nf1 Nf8 23. Bf2 Ne6 24. e4 Rf8 25. Kg2 Rf7 26. Qe2 Raf8 27. Be3
f4 28. gxf4 exf4 29. Bf2 g5 30. Nd2 a4 31. e5 Rf5 32. d4 cxd4 33. Qe4 Qc5 34.
Qd5 Rxe5 35. Qxc5 Nxc5 36. Bxd4 Ref5 37. Bxc5 Rxc5 38. Rxb4 Rd8 39. Rbb1 Kf7
40. Ne4 Rxd1 41. Rxd1 Rc6 42. c5 h6 43. Rd7+ Kg6 44. Ra7 Be5 45. Rxa4 Kf5 46.
Ra8 Ke6 47. a4 Bd4 48. Kh3 Bxc5 49. Ra6 Kd5 50. Rxc6 Kxc6 51. Nxc5 Kxc5 52. Kg4
Kb4 53. Kh5 Kxa4 54. h3 Kb4 55. Kxh6 1-0

[Event "Madrid ch 2014 Final"]
[Site "Madrid ESP"]
[Date "2014.05.26"]
[Round "1.18"]
[White "Suarez Uriel, Adrian"]
[Black "Elissalt Cardenas, Hector"]
[Result "0-1"]
[WhiteElo "2274"]
[BlackElo "2352"]
[PlyCount "112"]
[EventDate "2014.05.26"]
[EventType "k.o."]
[EventRounds "4"]
[EventCountry "ESP"]
[Source "lmi"]
[SourceDate "2014.05.26"]

1. e4 e5 2. Nf3 Nc6 3. Bb5 a6 4. Ba4 Nf6 5. O-O Be7 6. d3 d6 7. c3 O-O 8. Re1
Nd7 9. Nbd2 Bf6 10. Nf1 g6 11. Ne3 Nc5 12. Bc2 Ne6 13. Nd5 Bg7 14. h4 Ne7 15.
g3 c6 16. Ne3 f5 17. Ng2 f4 18. g4 Nc7 19. Nh2 Kh8 20. f3 h5 21. g5 Bh3 22. Qe2
c5 23. a4 Nc6 24. Rd1 Ne6 25. Bd2 Ned4 26. cxd4 Nxd4 27. Qf2 Nxc2 28. Rab1 Nd4
29. Bc3 Nb3 30. Nf1 b5 31. axb5 axb5 32. Nd2 Be6 33. Nxb3 Bxb3 34. Rdc1 Qd7 35.
Ra1 b4 36. Bd2 Ra4 37. Rxa4 Qxa4 38. Qe1 Ra8 39. d4 Qb5 40. dxc5 dxc5 41. Qf2
c4 42. Qe1 Bf8 43. Ra1 Bc5+ 44. Kh2 Rxa1 45. Qxa1 Qa4 46. Qe1 Bc2 47. Qc1 c3
48. bxc3 b3 49. Bxf4 exf4 50. Qxf4 Qc6 51. Qe5+ Kh7 52. Nf4 Qd6 53. Qe8 Qxf4+
54. Kg2 b2 55. Qe7+ Kh8 56. Qe8+ Qf8 0-1

[Event "Madrid ch 2014 Final"]
[Site "Madrid ESP"]
[Date "2014.05.27"]
[Round "1.21"]
[White "Almagro Llamas, Pablo"]
[Black "Dierssen Garcia-Barredo, Guillermo"]
[Result "1-0"]
[WhiteElo "2500"]
[BlackElo "2031"]
[PlyCount "103"]
[EventDate "2014.05.26"]
[EventType "k.o."]
[EventRounds "4"]
[EventCountry "ESP"]
[Source "lmi"]
[SourceDate "2014.05.26"]

1. d4 Nf6 2. Nf3 g6 3. Bf4 Bg7 4. e3 O-O 5. Be2 d6 6. h3 Nbd7 7. O-O b6 8. c4
Bb7 9. Nc3 Ne4 10. Nxe4 Bxe4 11. Bh2 e5 12. Rc1 Qe7 13. Qd2 Rad8 14. Rfd1 Kh8
15. b4 f5 16. d5 g5 17. Ne1 f4 18. f3 Bg6 19. e4 h5 20. Nd3 g4 21. fxg4 Bxe4
22. Nf2 Bh7 23. Bd3 hxg4 24. hxg4 Qh4 25. Bxh7 Qxh7 26. Rc3 Qg6 27. Rh3+ Kg8
28. Qe2 Rde8 29. Qe4 Qxe4 30. Nxe4 Nf6 31. Nf2 Nh7 32. Ra3 e4 33. Nh3 e3 34.
Bxf4 e2 35. Re1 Bd4+ 36. Kh2 Nf6 37. g3 Nxg4+ 38. Kg2 Re7 39. Rd3 Bg7 40. Ng5
Rfe8 41. Ne6 Be5 42. Rxe2 Bxf4 43. gxf4 Kf7 44. Rg3 Nh6 45. Kf3 Kf6 46. Reg2
Nf5 47. Rg6+ Kf7 48. Ke4 Nh4 49. Rg7+ Kf6 50. Rxe7 Rxe7 51. Rg8 Nf5 52. Rf8+
1-0

[Event "Madrid ch 2014 Final"]
[Site "Madrid ESP"]
[Date "2014.05.27"]
[Round "1.22"]
[White "Moreno Ruiz, Javier"]
[Black "Gonzalez Rivera, Eduardo"]
[Result "1-0"]
[WhiteElo "2486"]
[BlackElo "2105"]
[PlyCount "65"]
[EventDate "2014.05.26"]
[EventType "k.o."]
[EventRounds "4"]
[EventCountry "ESP"]
[Source "lmi"]
[SourceDate "2014.05.26"]

1. c4 e5 2. g3 Nf6 3. Bg2 Nc6 4. Nc3 g6 5. d3 Bg7 6. Rb1 Nd4 7. e3 Nf5 8. Nge2
c6 9. b4 O-O 10. Qb3 d6 11. O-O Qc7 12. b5 Be6 13. bxc6 bxc6 14. Ba3 Rfb8 15.
Qa4 d5 16. Rfc1 Rxb1 17. Rxb1 Bf8 18. cxd5 cxd5 19. Nb5 Qd7 20. Bxf8 Kxf8 21.
d4 exd4 22. Nexd4 Nxd4 23. Qxd4 Kg7 24. Nc3 Rd8 25. Rb3 Qe7 26. Nb5 Rc8 27. Rc3
Rb8 28. Bf1 a6 29. Nc7 Rb4 30. Nxe6+ fxe6 31. Qe5 Kf7 32. Rc7 Nd7 33. Qh8 1-0

[Event "Madrid ch 2014 Final"]
[Site "Madrid ESP"]
[Date "2014.05.27"]
[Round "1.23"]
[White "Rubio Mejia, Luis Ignacio"]
[Black "Unciti Juan, Javier"]
[Result "1-0"]
[WhiteElo "2454"]
[BlackElo "2110"]
[PlyCount "119"]
[EventDate "2014.05.26"]
[EventType "k.o."]
[EventRounds "4"]
[EventCountry "ESP"]
[Source "lmi"]
[SourceDate "2014.05.26"]

1. d4 d5 2. c4 e6 3. Nc3 c5 4. cxd5 cxd4 5. Qa4+ Bd7 6. Qxd4 exd5 7. Qxd5 Nc6
8. Nf3 Nf6 9. Qd1 Bc5 10. e3 Qe7 11. Be2 O-O-O 12. O-O g5 13. b4 Bxb4 14. Qb3
g4 15. Nd4 Nxd4 16. exd4 Be6 17. Qb2 Kb8 18. Bg5 Bxc3 19. Qxc3 Rd5 20. Qe3 Ka8
21. Rac1 h6 22. Bh4 Rh5 23. d5 Rxh4 24. dxe6 fxe6 25. Rc5 g3 26. hxg3 Re4 27.
Qc3 Rb8 28. Bf3 Nd5 29. Qc2 Rd4 30. Rc8 a6 31. Rb1 Rxc8 32. Qxc8+ Ka7 33. Rc1
Rb4 34. Re1 Nc7 35. Rc1 Nd5 36. Qh8 Qg5 37. Rd1 Qf6 38. Qxf6 Nxf6 39. Re1 Rb6
40. Re5 Rd6 41. g4 b5 42. Kf1 Kb6 43. a3 Ka5 44. Ke1 Ka4 45. Re3 Nd5 46. Bd1+
Ka5 47. Rd3 Kb6 48. f4 Kc5 49. g3 a5 50. Kd2 b4 51. axb4+ axb4 52. g5 hxg5 53.
fxg5 Ra6 54. Bb3 Nc3 55. g6 Ra7 56. Bxe6 Re7 57. Bf7 Ne4+ 58. Kc2 Nf6 59. Rf3
Nh5 60. Rf5+ 1-0

[Event "Madrid ch 2014 Final"]
[Site "Madrid ESP"]
[Date "2014.05.27"]
[Round "1.24"]
[White "Huerga Leache, Mikel"]
[Black "Plazuelo Pascual, Juan"]
[Result "1-0"]
[WhiteElo "2440"]
[BlackElo "2139"]
[PlyCount "61"]
[EventDate "2014.05.26"]
[EventType "k.o."]
[EventRounds "4"]
[EventCountry "ESP"]
[Source "lmi"]
[SourceDate "2014.05.26"]

1. e4 e6 2. d4 d5 3. Nc3 Nf6 4. Bg5 Bb4 5. exd5 Qxd5 6. Bxf6 Bxc3+ 7. bxc3 gxf6
8. Qg4 Qa5 9. Ne2 Bd7 10. Qg7 Rf8 11. Qxf6 Bc6 12. h4 Nd7 13. Qg5 Qa3 14. Rh3
Be4 15. Qc1 Qa4 16. Qf4 Qc6 17. c4 Bxc2 18. Rc1 e5 19. dxe5 Qe4 20. Re3 Qxf4
21. Nxf4 Bf5 22. Nd5 Kd8 23. Bd3 Bxd3 24. Rxd3 Nxe5 25. Re3 Ng4 26. Re4 f5 27.
Re2 b6 28. c5 bxc5 29. Rd1 Kc8 30. Ne7+ Kb7 31. Rb2+ 1-0

[Event "Madrid ch 2014 Final"]
[Site "Madrid ESP"]
[Date "2014.05.27"]
[Round "1.25"]
[White "Candela Perez, Jose"]
[Black "Gutierrez Lopez, Carlos"]
[Result "1-0"]
[WhiteElo "2437"]
[BlackElo "2147"]
[PlyCount "83"]
[EventDate "2014.05.26"]
[EventType "k.o."]
[EventRounds "4"]
[EventCountry "ESP"]
[Source "lmi"]
[SourceDate "2014.05.26"]

1. d4 Nf6 2. c4 c5 3. d5 b5 4. cxb5 a6 5. bxa6 g6 6. Nc3 Bxa6 7. e4 Bxf1 8.
Kxf1 d6 9. g3 Bg7 10. Kg2 O-O 11. Nge2 Qb6 12. Rb1 Na6 13. Bf4 Nd7 14. Qd2 Rfb8
15. Bh6 Bh8 16. h4 Nc7 17. h5 Nf6 18. hxg6 fxg6 19. Bg5 Rf8 20. Rh4 Rf7 21.
Rbh1 Nd7 22. Rf4 Raf8 23. Bh6 Rxf4 24. gxf4 Rb8 25. b3 Qb4 26. Qd3 Nf6 27. Rh4
Rd8 28. Bg5 Qb7 29. Qh3 Qc8 30. Qg3 Re8 31. f5 Nh5 32. Qh3 Qd7 33. Nd1 Rf8 34.
Ne3 Bf6 35. Bxf6 exf6 36. Qg4 Qg7 37. fxg6 hxg6 38. Ng3 Nf4+ 39. Qxf4 g5 40.
Nef5 gxf4 41. Nxg7 fxg3 42. Rg4 1-0

[Event "Madrid ch 2014 Final"]
[Site "Madrid ESP"]
[Date "2014.05.27"]
[Round "1.26"]
[White "Taboas Rodriguez, Daniel"]
[Black "Barraza Caracuel, Ignacio"]
[Result "1-0"]
[WhiteElo "2397"]
[BlackElo "2235"]
[PlyCount "39"]
[EventDate "2014.05.26"]
[EventType "k.o."]
[EventRounds "4"]
[EventCountry "ESP"]
[Source "lmi"]
[SourceDate "2014.05.26"]

1. d4 d5 2. c4 c6 3. cxd5 cxd5 4. Nc3 Nf6 5. Bf4 a6 6. Nf3 g6 7. e3 Bg7 8. Bd3
Nc6 9. O-O O-O 10. Rc1 Bg4 11. h3 Bxf3 12. Qxf3 Qa5 13. Bc2 Rfd8 14. Bb3 Rac8
15. Bg5 Nb4 16. Bxf6 exf6 17. Rfd1 Rd6 18. a3 Nc6 19. Nxd5 Rcd8 20. Rc5 1-0

[Event "Madrid ch 2014 Final"]
[Site "Madrid ESP"]
[Date "2014.05.27"]
[Round "1.27"]
[White "Martin Rueda, Daniel"]
[Black "Madina Yadarola, Martin"]
[Result "1/2-1/2"]
[WhiteElo "2352"]
[BlackElo "2274"]
[PlyCount "94"]
[EventDate "2014.05.26"]
[EventType "k.o."]
[EventRounds "4"]
[EventCountry "ESP"]
[Source "lmi"]
[SourceDate "2014.05.26"]

1. e4 d6 2. d4 Nf6 3. Nc3 c6 4. h3 e5 5. Be3 Qa5 6. Bd3 Nbd7 7. f4 g6 8. Qd2
Bg7 9. Nf3 O-O 10. O-O Nh5 11. dxe5 dxe5 12. f5 Nc5 13. g4 Nf4 14. Kh2 Nfxd3
15. cxd3 Rd8 16. Ne1 b6 17. Rb1 Qa6 18. b4 Na4 19. Ne2 Qb7 20. f6 Bf8 21. Bh6
Be6 22. Bxf8 Kxf8 23. Nf3 Qc7 24. Qg5 Rxd3 25. Qh6+ Ke8 26. Ng5 Qd6 27. Qxh7
Rd2 28. Rf2 Rd8 29. Rbf1 c5 30. bxc5 Nxc5 31. Ng3 Qf8 32. Nf3 Rxf2+ 33. Rxf2
Nd3 34. Rc2 Qd6 35. Rd2 Bc4 36. Qh6 Qxf6 37. Qe3 Qf4 38. Qxf4 exf4 39. Ne2 Nc5
40. Nxf4 Nxe4 41. Rc2 b5 42. h4 Nf6 43. Ne5 Rd4 44. Kg3 Re4 45. Nxc4 Rxc4 46.
Re2+ Kf8 47. h5 g5 1/2-1/2

[Event "Madrid ch 2014 Final"]
[Site "Madrid ESP"]
[Date "2014.05.27"]
[Round "1.28"]
[White "Elissalt Cardenas, Hector"]
[Black "Suarez Uriel, Adrian"]
[Result "1-0"]
[WhiteElo "2342"]
[BlackElo "2300"]
[PlyCount "139"]
[EventDate "2014.05.26"]
[EventType "k.o."]
[EventRounds "4"]
[EventCountry "ESP"]
[Source "lmi"]
[SourceDate "2014.05.26"]

1. c4 e5 2. Nc3 Nc6 3. Nf3 g6 4. e3 Bg7 5. d4 d6 6. dxe5 Nxe5 7. Nxe5 Bxe5 8.
Qd2 Be6 9. Be2 f5 10. O-O Qe7 11. b3 Nf6 12. Bb2 Qg7 13. f4 Ne4 14. Nxe4 Bxb2
15. Rab1 Ba3 16. Qa5 fxe4 17. Qxa3 Qc3 18. Qc1 Qxc1 19. Rbxc1 c5 20. Rfd1 Ke7
21. Rd2 Rhe8 22. Kf2 a5 23. Bd1 Bd7 24. Bc2 Bc6 25. a4 Ra6 26. Rcd1 Rb6 27. g4
Ke6 28. h4 Re7 29. Rd5 Bxd5 30. Rxd5 Rb4 31. Ke2 Rf7 32. Kd2 Kd7 33. Kc3 Rb6
34. h5 Re7 35. h6 Ra6 36. g5 Ra8 37. Bd1 Rf8 38. Bg4+ Kc6 39. Bh3 Rb8 40. Rd2
Ree8 41. Rd1 d5 42. cxd5+ Kd6 43. Bf1 Re7 44. Bb5 Rf7 45. Rd2 Rf5 46. Rd1 Rf7
47. Bc4 Ra8 48. Rd2 b6 49. Rd1 Raa7 50. Rd2 Rf8 51. Rd1 Raa8 52. Rd2 Ra7 53.
Rd1 Rf5 54. Rd2 b5 55. axb5 Rff7 56. Ra2 Rf8 57. Ra1 Rfa8 58. Ra4 Kc7 59. Be2
Rd8 60. Rxe4 Rxd5 61. Re7+ Rd7 62. Rxd7+ Kxd7 63. Bg4+ Kc7 64. f5 gxf5 65. Bxf5
Kb6 66. g6 hxg6 67. Bxg6 Kxb5 68. h7 Ra8 69. Bf7 Rh8 70. Bg8 1-0

[Event "Madrid ch 2014 Final"]
[Site "Madrid ESP"]
[Date "2014.05.28"]
[Round "1.34"]
[White "Plazuelo Pascual, Juan"]
[Black "Huerga Leache, Mikel"]
[Result "1/2-1/2"]
[WhiteElo "2139"]
[BlackElo "2440"]
[PlyCount "172"]
[EventDate "2014.05.26"]
[EventType "k.o."]
[EventRounds "4"]
[EventCountry "ESP"]
[Source "lmi"]
[SourceDate "2014.05.26"]

1. d4 Nf6 2. c4 e6 3. Nf3 Bb4+ 4. Bd2 Qe7 5. g3 Nc6 6. Nc3 Bxc3 7. Bxc3 Ne4 8.
Rc1 O-O 9. Bg2 d6 10. d5 Nxc3 11. Rxc3 Nb8 12. dxe6 fxe6 13. O-O a5 14. Qc1 Na6
15. a3 a4 16. Qg5 Qf6 17. Qxf6 gxf6 18. Nd4 Rb8 19. Rd1 Bd7 20. f4 Nc5 21. e4
e5 22. Nc2 Rbe8 23. Re3 Bc6 24. Rde1 Rf7 25. Nb4 Ne6 26. f5 Nc5 27. Bf3 Rg7 28.
Nd3 Nd7 29. Rc1 b6 30. Nb4 Bb7 31. Bd1 Ra8 32. Bc2 Kf7 33. Kf2 Nc5 34. Rce1 h5
35. Nd3 Nd7 36. Bd1 Rh7 37. Rg1 Nc5 38. Nxc5 bxc5 39. h4 Bc6 40. Re2 Rb8 41.
Ke3 Be8 42. Rh2 Ke7 43. Rd2 Ra8 44. Rh2 Bf7 45. Rc2 Rg7 46. Kd3 Rag8 47. Rcg2
Be8 48. Ke3 Rh8 49. Rd2 Rgg8 50. Rdg2 Bf7 51. Kd3 Ra8 52. Kc3 Kf8 53. Rf2 Kg7
54. Rfg2 Kf8 55. Rf2 Be8 56. Re2 Rd8 57. Rd2 Bc6 58. Kd3 Rd7 59. Ke3 Rg7 60.
Rf2 Rhg8 61. Rfg2 Rh8 62. Rf2 Be8 63. Kd3 Kg8 64. Rfg2 Kh7 65. Ke3 Kh6 66. Kd3
Kh7 67. Ke3 Kg8 68. Kd3 Kf8 69. Ke3 Bc6 70. Rd2 Kf7 71. Rh2 Rgg8 72. Rd2 Ra8
73. Rh2 Be8 74. Rhg2 Rb8 75. Rd2 Ke7 76. Kd3 Ra8 77. Kc3 Bf7 78. Rd3 Rhd8 79.
Rg2 Rg8 80. Rg1 Rh8 81. Rg2 Rhd8 82. Rgd2 Ra7 83. Rg2 Rh8 84. Rg1 Be8 85. Re3
Ra8 86. Bc2 Bf7 1/2-1/2

[Event "Madrid ch 2014 Final"]
[Site "Madrid ESP"]
[Date "2014.05.28"]
[Round "1.44"]
[White "Huerga Leache, Mikel"]
[Black "Plazuelo Pascual, Juan"]
[Result "1-0"]
[WhiteElo "2440"]
[BlackElo "2139"]
[PlyCount "51"]
[EventDate "2014.05.26"]
[EventType "k.o."]
[EventRounds "4"]
[EventCountry "ESP"]
[Source "lmi"]
[SourceDate "2014.05.26"]

1. e4 e6 2. d4 d5 3. Bd3 dxe4 4. Bxe4 Nf6 5. Bf3 c5 6. Ne2 Nc6 7. Be3 Nd5 8.
Bxd5 Qxd5 9. Nbc3 Qd8 10. dxc5 Qa5 11. a3 Be7 12. b4 Qd8 13. Qxd8+ Bxd8 14. Ne4
O-O 15. O-O b6 16. Rfd1 Ne5 17. Nd6 Ng4 18. c6 Nxe3 19. fxe3 Be7 20. c4 e5 21.
Nxc8 Rfxc8 22. b5 Kf8 23. Nc3 Rd8 24. Kf2 Rxd1 25. Rxd1 Bxa3 26. Rd7 1-0

[Event "Madrid ch 2014 Final"]
[Site "Madrid ESP"]
[Date "2014.05.29"]
[Round "2.11"]
[White "Elissalt Cardenas, Hector"]
[Black "Almagro Llamas, Pablo"]
[Result "1/2-1/2"]
[WhiteElo "2342"]
[BlackElo "2500"]
[PlyCount "89"]
[EventDate "2014.05.26"]
[EventType "k.o."]
[EventRounds "4"]
[EventCountry "ESP"]
[Source "lmi"]
[SourceDate "2014.05.26"]

1. d4 Nf6 2. c4 e6 3. Nc3 Bb4 4. Nf3 b6 5. Bg5 h6 6. Bh4 Bb7 7. e3 g5 8. Bg3
Ne4 9. Qc2 Bxc3+ 10. bxc3 d6 11. Nd2 Nxd2 12. Qxd2 Nd7 13. Rb1 Qe7 14. c5 dxc5
15. Bxc7 Rc8 16. Bg3 cxd4 17. cxd4 Qa3 18. f3 Rc3 19. Kf2 Ke7 20. Be2 Rhc8 21.
Rb2 Ba6 22. Bxa6 Qxa6 23. Rd1 Qa4 24. Qe2 R8c4 25. d5 e5 26. d6+ Ke6 27. f4 Rc2
28. Rd2 Rxb2 29. Rxb2 Nf6 30. fxe5 Ng4+ 31. Kf1 Rc1+ 32. Be1 Qc4 33. Qxc4+ Rxc4
34. Rd2 Nxe5 35. Bg3 Nd7 36. h4 Rc8 37. hxg5 hxg5 38. a4 f6 39. Rd4 Ne5 40. a5
bxa5 41. d7 Rd8 42. Bxe5 Kxe5 43. Ke2 a6 44. Ra4 Rxd7 45. Rxa5+ 1/2-1/2

[Event "Madrid ch 2014 Final"]
[Site "Madrid ESP"]
[Date "2014.05.29"]
[Round "2.12"]
[White "Madina Yadarola, Martin"]
[Black "Moreno Ruiz, Javier"]
[Result "0-1"]
[WhiteElo "2274"]
[BlackElo "2486"]
[PlyCount "128"]
[EventDate "2014.05.26"]
[EventType "k.o."]
[EventRounds "4"]
[EventCountry "ESP"]
[Source "lmi"]
[SourceDate "2014.05.26"]

1. Nf3 c5 2. g3 g6 3. Bg2 Bg7 4. O-O Nc6 5. d3 d6 6. Nc3 Nf6 7. Bd2 O-O 8. Qc1
Re8 9. a3 Bd7 10. Rb1 Rc8 11. b4 b6 12. b5 Nd4 13. Nh4 Be6 14. e3 Nf5 15. Nxf5
Bxf5 16. e4 Bd7 17. Ne2 Rc7 18. c4 Qc8 19. Bc3 Nh5 20. f4 Bg4 21. Bf3 Bxf3 22.
Rxf3 f5 23. Qf1 e6 24. Re3 d5 25. Bxg7 Rxg7 26. cxd5 exd5 27. e5 d4 28. Rf3 Qe6
29. Nc1 g5 30. Ne2 g4 31. Rf2 Rg6 32. Qd1 Ng7 33. Qb3 Qxb3 34. Rxb3 a6 35. bxa6
Ra8 36. Rf1 Rxa6 37. Rfb1 Ne8 38. Rc1 Kf8 39. Rc4 Ke7 40. a4 Kd7 41. Nxd4 cxd4
42. Rxd4+ Kc7 43. h3 h5 44. hxg4 hxg4 45. Rdb4 Kb7 46. Rd4 Nc7 47. Rbb4 Rc6 48.
Rd7 Kc8 49. Rf7 b5 50. Rf8+ Kb7 51. Rxf5 Rxa4 52. Rb2 Rb6 53. Rh5 b4 54. f5 b3
55. Rhh2 Ra1+ 56. Kf2 Nd5 57. Rh7+ Ka6 58. Rh8 Kb7 59. Rh7+ Ka6 60. Rh8 Rc1 61.
Ke2 Rbc6 62. Ra8+ Kb7 63. Raa2 Nc3+ 64. Kd2 Rd1+ 0-1

[Event "Madrid ch 2014 Final"]
[Site "Madrid ESP"]
[Date "2014.05.29"]
[Round "2.13"]
[White "Taboas Rodriguez, Daniel"]
[Black "Rubio Mejia, Luis Ignacio"]
[Result "1/2-1/2"]
[WhiteElo "2397"]
[BlackElo "2454"]
[PlyCount "96"]
[EventDate "2014.05.26"]
[EventType "k.o."]
[EventRounds "4"]
[EventCountry "ESP"]
[Source "lmi"]
[SourceDate "2014.05.26"]

1. d4 Nf6 2. Nf3 e6 3. c4 b6 4. Nc3 Bb7 5. Bg5 h6 6. Bh4 Bb4 7. Nd2 Nc6 8. e3
Ne7 9. Bxf6 gxf6 10. Qc2 Rg8 11. O-O-O f5 12. Rg1 c5 13. d5 Bxc3 14. Qxc3 exd5
15. cxd5 Nxd5 16. Qe5+ Qe7 17. Qxf5 Nc7 18. Be2 O-O-O 19. Bf3 Bxf3 20. Nxf3 Qe6
21. Qxe6 fxe6 22. Ne5 Nd5 23. g3 Kc7 24. Rge1 d6 25. Nd3 Rdf8 26. e4 Ne7 27.
Nf4 Kd7 28. e5 d5 29. Nh5 Rxf2 30. Nf6+ Rxf6 31. exf6 Nf5 32. g4 Nd6 33. Re5
Rg6 34. Rf1 Nf7 35. Re3 Rxg4 36. Ra3 a5 37. Rb3 Kc6 38. Kd2 Rg2+ 39. Kc1 e5 40.
a4 e4 41. Rg3 Rxg3 42. hxg3 Kd6 43. Rf5 Ke6 44. g4 d4 45. b3 Nd6 46. Rh5 Nf7
47. Rf5 Nd6 48. Rh5 Nf7 1/2-1/2

[Event "Madrid ch 2014 Final"]
[Site "Madrid ESP"]
[Date "2014.05.29"]
[Round "2.14"]
[White "Candela Perez, Jose"]
[Black "Huerga Leache, Mikel"]
[Result "0-1"]
[WhiteElo "2437"]
[BlackElo "2440"]
[PlyCount "82"]
[EventDate "2014.05.26"]
[EventType "k.o."]
[EventRounds "4"]
[EventCountry "ESP"]
[Source "lmi"]
[SourceDate "2014.05.26"]

1. d4 Nf6 2. Nf3 c5 3. d5 e6 4. Nc3 b5 5. dxe6 fxe6 6. Nxb5 Qa5+ 7. Nc3 Nc6 8.
Bd2 Qc7 9. e4 a6 10. Bd3 Bd6 11. Bg5 O-O 12. Bh4 Rb8 13. Rb1 Ng4 14. Bg3 Bxg3
15. hxg3 c4 16. Bxc4 Nce5 17. Bb3 a5 18. O-O Ba6 19. Nxe5 Nxe5 20. Ne2 Qc5 21.
c4 Ng4 22. Nf4 Rxf4 23. gxf4 Qh5 24. Re1 a4 25. Qd6 Qh2+ 26. Kf1 Rf8 27. Qxa6
axb3 28. Qb6 bxa2 29. Ra1 Rxf4 30. f3 Ne5 31. Qg1 Qh5 32. Qe3 Rf8 33. Ke2 Nxc4
34. Qb3 d5 35. Rxa2 Qg5 36. Kf2 Qh4+ 37. Ke2 dxe4 38. Raa1 exf3+ 39. gxf3 Qh2+
40. Kd3 Rxf3+ 41. Kxc4 Qf4+ 0-1

[Event "Madrid ch 2014 Final"]
[Site "Madrid ESP"]
[Date "2014.05.30"]
[Round "2.21"]
[White "Almagro Llamas, Pablo"]
[Black "Elissalt Cardenas, Hector"]
[Result "1-0"]
[WhiteElo "2500"]
[BlackElo "2342"]
[PlyCount "67"]
[EventDate "2014.05.26"]
[EventType "k.o."]
[EventRounds "4"]
[EventCountry "ESP"]
[Source "lmi"]
[SourceDate "2014.05.26"]

1. e4 e5 2. Nf3 Nc6 3. Bb5 a6 4. Ba4 Nf6 5. O-O Be7 6. Bxc6 dxc6 7. Qe1 c5 8.
d3 Nd7 9. Nc3 Bd6 10. Nd2 Nf8 11. Nc4 Ne6 12. Nd5 Nd4 13. Qd1 b5 14. Nxd6+ cxd6
15. f4 Be6 16. c3 Nc6 17. f5 Bxd5 18. exd5 Ne7 19. f6 gxf6 20. Qf3 f5 21. Bg5
Qd7 22. a4 bxa4 23. d4 cxd4 24. cxd4 e4 25. Qh3 f6 26. Qh5+ Ng6 27. Bxf6 O-O
28. Rxf5 e3 29. Re1 Rae8 30. h4 Rf7 31. Qg5 Qb7 32. h5 Qb4 33. hxg6 Qxe1+ 34.
Kh2 1-0